Guess the Sabrina Carpenter song #1 - Statistics

General Stats
  • This quiz has been taken 606 times
  • The average score is 225 of 385
Answer Stats
% Correct
I
93%
a
88%
you
85%
me
83%
he
75%
it
73%
And
71%
and
71%
do
71%
so
70%
that
70%
to
70%
My
68%
my
68%
your
68%
Is
67%
When
67%
oh
65%
Oh,
65%
on
63%
espresso
62%
I'm
62%
know
62%
like
61%
can't
60%
don't
59%
this
59%
for
58%
are
57%
boy
56%
in
55%
Now
55%
baby,
54%
got
53%
Say
53%
That's
53%
Too
53%
'cause
52%
guess
52%
he's
52%
one
52%
sweet?
52%
every
51%
night,
51%
thinkin'
51%
Thinkin'
51%
'bout
50%
they
50%
up,
50%
up
50%
give
49%
late,
49%
won't
49%
bad
48%
singer
48%
working
48%
sleep,
47%
stop
47%
ya
47%
calling
46%
get
46%
him
46%
looks
46%
bee,
45%
cute
45%
desperation
45%
down,
45%
ex
45%
finger
45%
make
45%
relate
45%
vacation
45%
right,
44%
fucks
43%
honey
43%
left,
43%
way,
43%
wrapped
43%
around
42%
come
42%
Nintendo
42%
act
40%
'em
40%
skin
40%
Switch
40%
twisted
40%
humor
39%
often
39%
Move
38%
pollen
38%
coffee,
36%
Soft
36%
dream
35%
laugh
35%
perfumed
35%
brewed
34%
came
34%
Walked
34%
brand
33%
Dew
33%
Mountain
33%
newed
32%
morning
31%
touch
30%
trued
29%
(Yes)
25%
shit.
22%
Holy
19%
No matching quizzes found
Score Distribution
Percent of People with Each Score
Percentile by Number Answered
Your Score History
You have not taken this quiz